System of rice intensification adoption and adaptation improvement in tramkok district, takeo province,(ការវិវិត្តនៃការទទួលយកបច្ចេកទេសប្រពន្ធ័ប្រពលវប្បកម្មដំណាំស្រូវតាមគោលការណ៍ធម្មជាតិរបស់កសិករ ស្រុកត្រាំកក់ ខេត្តតាកែវ) (Record no. 1124)
[ view plain ]
| 000 -LEADER | |
|---|---|
| fixed length control field | 00809nam a22001577a 4500 |
| 003 - CONTROL NUMBER IDENTIFIER | |
| control field | OSt |
| 005 - DATE AND TIME OF LATEST TRANSACTION | |
| control field | 20150923133717.0 |
| 008 - FIXED-LENGTH DATA ELEMENTS--GENERAL INFORMATION | |
| fixed length control field | 150923b xxu||||| |||| 00| 0 eng d |
| 040 ## - CATALOGING SOURCE | |
| Transcribing agency | RUA |
| 082 ## - DEWEY DECIMAL CLASSIFICATION NUMBER | |
| Classification number | AGR POK 2010 B047 Or.1 |
| 100 ## - MAIN ENTRY--PERSONAL NAME | |
| 9 (RLIN) | 1181 |
| Personal name | POK, PANHA. |
| 245 ## - TITLE STATEMENT | |
| Title | System of rice intensification adoption and adaptation improvement in tramkok district, takeo province,(ការវិវិត្តនៃការទទួលយកបច្ចេកទេសប្រពន្ធ័ប្រពលវប្បកម្មដំណាំស្រូវតាមគោលការណ៍ធម្មជាតិរបស់កសិករ ស្រុកត្រាំកក់ ខេត្តតាកែវ) |
| 260 ## - PUBLICATION, DISTRIBUTION, ETC. (IMPRINT) | |
| Place of publication, distribution, etc. | Phnom Penh |
| Name of publisher, distributor, etc. | RUA |
| Date of publication, distribution, etc. | 2010 |
| 300 ## - PHYSICAL DESCRIPTION | |
| Extent | xvi, 86p. |
| Dimensions | ill. |
| Size of unit | 29cm. |
| 942 ## - ADDED ENTRY ELEMENTS (KOHA) | |
| Source of classification or shelving scheme | |
| Koha item type | AGR |
No items available.